书目信息 |
| 题名: |
中国罗汉白描图谱
|
|
| 作者: | 徐华铛 编著 | |
| 分册: | ||
| 出版信息: | 北京工美 2008.08 |
|
| 页数: | 264页 | |
| 开本: | 20cm | |
| 丛书名: | ||
| 单 册: | ||
| 中图分类: | J232 | |
| 科图分类: | ||
| 主题词: | 绘画--世界 , 绘画--各国 | |
| 电子资源: | ||
| ISBN: | 978-7-80526-489-9 | |
| 000 | 00640nam0 2200241 45 | |
| 001 | 0959502637 | |
| 005 | 20091113163943.00 | |
| 010 | @a978-7-80526-489-9@dCNY39.00 | |
| 100 | @a20090515d2008 ekmy0 y0120 ea | |
| 102 | @aCN@b130000 | |
| 102 | @aCN@b110000 | |
| 105 | @ay z 000yy | |
| 200 | 1 | @a中国罗汉白描图谱@f徐华铛编著@Fxu hua cheng bian zhu |
| 210 | @c北京工美@d2008.08 | |
| 210 | @a北京@c北京工艺美术出版社 | |
| 215 | @a264页@d20cm | |
| 606 | 0 | @a绘画@x世界 |
| 606 | 0 | @a绘画@y各国 |
| 690 | @aJ232@v4 | |
| 701 | 0 | @a徐华铛@Axu hua cheng@4编著 |
| 801 | 0 | @aCN@c20091113 |
| 905 | @a10447@dJ232@eX720 | |
| 906 | @d39@n3@r1 | |
| 中国罗汉白描图谱/徐华铛编著.-北京工美,2008.08.-北京:北京工艺美术出版社 |
| 264页;20cm |
| ISBN 978-7-80526-489-9:CNY39.00 |
| ● |
| 相关链接 |
|
|
|
正题名:中国罗汉白描图谱
索取号:J232/X720
 
预约/预借
| 序号 | 登录号 | 条形码 | 馆藏地/架位号 | 状态 | 备注 |
| 1 | 655666 | 206556662 | 社科库309/309社科库 77排4列5层/ [索取号:J232/X720] | 在馆 | |
| 2 | 655667 | 206556671 | 社科库309/309社科库 77排4列5层/ [索取号:J232/X720] | 在馆 | |
| 3 | 655668 | 206556680 | 社科库309/309社科库 77排4列5层/ [索取号:J232/X720] | 在馆 |